| 000 | 00764cam a22002531 4500 | ||
|---|---|---|---|
| 001 | 4979 | ||
| 003 | BD-RjUL | ||
| 005 | 20211208234004.0 | ||
| 008 | 131224s1962 ilua 000 0 eng | ||
| 035 | _a(BD-RjUL)5015 | ||
| 035 | _a(OCoLC)249884 | ||
| 040 |
_aDLC _cODaWU _dOCoLC _dDLC _dBD-RjUL _beng |
||
| 041 | _aeng | ||
| 082 |
_a332.110942 _bBAL 1962 |
||
| 100 | 1 |
_aBagehot, Walter, _d1826-1877. _915672 |
|
| 245 | 1 | 0 |
_aLombard Street : _ba description of the money market / _cWalter Bagehot |
| 260 |
_aHomewood, Ill. : _bR.D. Irwin , _cc1962. |
||
| 300 |
_axvi, 176 p. ; _c22 cm. |
||
| 650 | 0 |
_aMoney _zGreat Britain. _915673 |
|
| 650 | 0 |
_aBanks and banking _zEngland _zLondon. _915674 |
|
| 942 |
_2ddc _cBK |
||
| 999 |
_c4979 _d4979 |
||